| 000 | 00991nam a2200253 a 4500 | ||
|---|---|---|---|
| 001 | 000021528 | ||
| 005 | 20200930011345.0 | ||
| 008 | 100908s1999 sp ac 000 0 spa d | ||
| 020 | _a0139741224 | ||
| 040 |
_aDO-SdBNP _bspa _cBNPHU |
||
| 082 |
_a550 _bT179c, 1999 |
||
| 100 | 1 |
_aTarbuck, Edward J. _944878 |
|
| 245 | 1 | 0 |
_aCiencias de la tierra : _buna introducción a la geología física / _cEdward J. Tarbuck y Frederick K. Lutgens ; traducción Ana María Rubio ; revisión técnica Manuel Pozo Rodríguez y José Manuel González Casado. |
| 250 | _a6a ed. | ||
| 260 |
_aMadrid : _bIsabel Capella, _c1999. |
||
| 300 |
_a540, [31] p. ; : _bil., retrato ; _c27 cm. |
||
| 500 | _a"Una introducción a la geología física". | ||
| 650 | 4 |
_aCiencias del ambiente _944879 |
|
| 650 | 4 |
_aTierra _940453 |
|
| 700 | 1 | 2 |
_aLutgens, Frederick K. _944880 |
| 700 | 1 | 2 |
_aRubio, Ana María, _etr. _944881 |
| 700 | 1 | 2 |
_aPozo Rodríguez, Manuel. _944882 |
| 700 | 1 | 2 |
_aGonzález Casado, José Manuel. _944883 |
| 999 |
_c21028 _d21028 |
||